Złota Piłka 23/24 Nominowani - Statystyki

Ogólne statystyki
  • Ten quiz został rozwiązany 140 razy
  • Średni wynik to 15 z 30
Statystyki odpowiedzi
Miejsce Reprezentacja Piłkarz % Poprawnych
2. Brazylia Vinicius Júnior
98%
1. Hiszpania Rodri
97%
5. Norwegia Erling Haaland
96%
6. Francja Kylian Mbappé
96%
3. Anglia Jude Bellingham
91%
10. Anglia Harry Kane
82%
8. Hiszpania Lamine Yamal
82%
4. Hiszpania Dani Carvajal
68%
12. Niemcy Florian Wirtz
57%
11. Anglia Phil Foden
55%
9. Niemcy Toni Kroos
55%
7. Argentyna Lautaro Martínez
53%
17. Urugwaj Federico Valverde
51%
21. Anglia Bukayo Saka
49%
29. Ukraina Artem Dovbyk
48%
19. Norwegia Martin Ødegaard
42%
16. Szwajcaria Granit Xhaka
37%
15. Hiszpania Nico Williams
37%
13. Hiszpania Dani Olmo
36%
20. Turcja Hakan Çalhanoğlu
33%
14. Nigeria Ademola Lookman
32%
25. Anglia Cole Palmer
30%
23. Portugalia Rúben Dias
28%
18. Argentyna Emiliano Martínez
26%
26. Anglia Declan Rice
25%
28. Hiszpania Alejandro Grimaldo
23%
22. Niemcy Antonio Rüdiger
23%
27. Portugalia Vitinha
17%
24. Francja William Saliba
15%
29. Niemcy Mats Hummels
11%
Nie znaleziono quizów pasujących do podanych kryteriów
Rozkład punktacji
Procent ludzi z każdym wynikiem
Percentyl według liczby udzielonych odpowiedzi
Twoja historia wyników
Nie rozwiązałeś tego quizu